000 00606nam a2200241 a 4500
001 nice12345678
003 IN_TiNIC
005 20260116012535.0
008 050524s1910 luca grp 000 0 urd
020 _a
_c100
082 0 0 _a953.02
_bWAQ1
100 _aWaqidi, Mohd Bin Omar
245 _aGhazwa-I-Arab
260 _aLucknow
_bNaval Kishore
_c1910
300 _a315p
500 _aincludes index and biblioraphy
505 2 _aFoot notes by Maulana Maulvi Ilahi Bakhsh.
650 _aIslam-History
700 1 _aWaqidi, Mohd Bin Omar
902 _bSRS
942 _cBK
999 _c7409
_d7409